Autonomía Universitaria : condición de un pueblo libre : 2011 : año de la autonomía universitaria : reflexiones.
| Format: | Llibre |
|---|---|
| Idioma: | espanyol |
| Publicat: |
[Costa Rica] :
[editor no identificado],
[2011?].
|
| Matèries: |
MARC
| LEADER | 00000nam a22000007a 4500 | ||
|---|---|---|---|
| 008 | 210526b2011 a|||| |||| 00| | spa d | ||
| 999 | |c 3923 |d 3923 | ||
| 090 | |a 06.04.05 |b 2603 | ||
| 245 | 1 | 0 | |a Autonomía Universitaria : condición de un pueblo libre : 2011 : año de la autonomía universitaria : reflexiones. |
| 260 | |a [Costa Rica] : |b [editor no identificado], |c [2011?]. | ||
| 300 | |a 42 páginas; |b ilustraciones | ||
| 500 | |a Datos tomados de la cubierta | ||
| 650 | 1 | 4 | |9 16 |a UNIVERSIDADES |
| 650 | 1 | 4 | |9 1752 |a AUTONOMÍA UNIVERSITARIA |
| 942 | |i 004658 |h 06.04.05 2603 |2 z |c 01 | ||
